| 000 | 01068cam a2200301 i 4500 | ||
|---|---|---|---|
| 001 | 34807 | ||
| 003 | Mx-PuUPA | ||
| 005 | 20240410103755.0 | ||
| 008 | 140415s1964 sp gr 000 0 spa d | ||
| 017 | _aM.17626.-1964 | ||
| 040 |
_aMx-PuUPA _bspa _cMx-PuUPA _dMx-PuUPA _erda |
||
| 041 | 1 |
_aspa _heng |
|
| 100 | 1 |
_aNurkse, Regnar, _eautor |
|
| 240 | 1 | 0 |
_aEquilibrium and growth in the world economy. _lEspañol |
| 245 | 1 | 0 |
_aEquilibrio y crecimiento en la economía mundial / _cRagnar Nurkse ; traducción de Luis Guereca Tosantos |
| 264 | 1 |
_aMadrid : _bEdiciones Rialp, _c[1964?] |
|
| 300 |
_a420 páginas ; _c24 cm |
||
| 336 |
_2rdacontent _atexto _btxt |
||
| 337 |
_2rdamedia _asin medio _bn |
||
| 338 |
_2rdacarrier _avolumen _bnc |
||
| 490 | 0 |
_aLibros de economía ; _v2 |
|
| 650 | 7 |
_aDesarrollo económico _xEconomía _2armarc |
|
| 700 | 1 |
_aGuereca Tosantos, Luis, _etraductor |
|
| 765 | 0 | 4 |
_aNurkse, Regnar, _tEquilibrium and growth in the world economy. |
| 942 |
_2ddc _h338.9 _iN974 _cLI |
||
| 999 |
_c34807 _d34807 |
||